<?xml version="1.0" encoding="UTF-8"?>
<record
    xmlns:xsi="http://www.w3.org/2001/XMLSchema-instance"
    xsi:schemaLocation="http://www.loc.gov/MARC21/slim http://www.loc.gov/standards/marcxml/schema/MARC21slim.xsd"
    xmlns="http://www.loc.gov/MARC21/slim">

  <leader>00533nam a22001817a 4500</leader>
  <controlfield tag="003">LK-CoDNM</controlfield>
  <controlfield tag="005">20241015141200.0</controlfield>
  <controlfield tag="008">241015b        |||||||| |||| 00| 0 eng d</controlfield>
  <datafield tag="040" ind1=" " ind2=" ">
    <subfield code="a">LK-CoDNM</subfield>
    <subfield code="d">LK-CoDNM</subfield>
    <subfield code="e">LK-CoDNM</subfield>
  </datafield>
  <datafield tag="041" ind1=" " ind2=" ">
    <subfield code="a">sin</subfield>
  </datafield>
  <datafield tag="080" ind1=" " ind2=" ">
    <subfield code="a">&#xDB4;&#xDCA;&#x200D;&#xDBB; &#xDB1; </subfield>
    <subfield code="b">3.10</subfield>
  </datafield>
  <datafield tag="245" ind1=" " ind2=" ">
    <subfield code="a">&#xDB1;&#xDC0; &#xDBD;&#xDDD;&#xD9A;&#xDBA; </subfield>
    <subfield code="b">1945 5  &#xD9A;&#xDCF;&#xDAB;&#xDCA;&#xDA9;&#xDBA; 1 3-7. 9-10   &#xD9A;&#xDBD;&#xDCF;&#xDB4;</subfield>
  </datafield>
  <datafield tag="260" ind1=" " ind2=" ">
    <subfield code="c">1945</subfield>
  </datafield>
  <datafield tag="300" ind1=" " ind2=" ">
    <subfield code="a">65P. : 26 CM</subfield>
  </datafield>
  <datafield tag="650" ind1=" " ind2=" ">
    <subfield code="a">&#xDB1;&#xDC0; &#xDBD;&#xDDD;&#xD9A;&#xDBA; </subfield>
  </datafield>
  <datafield tag="650" ind1=" " ind2=" ">
    <subfield code="a">1945 5  &#xD9A;&#xDCF;&#xDAB;&#xDCA;&#xDA9;&#xDBA; 1 3-7. 9-10   &#xD9A;&#xDBD;&#xDCF;&#xDB4;</subfield>
  </datafield>
  <datafield tag="942" ind1=" " ind2=" ">
    <subfield code="c">BK</subfield>
  </datafield>
  <datafield tag="999" ind1=" " ind2=" ">
    <subfield code="c">219570</subfield>
    <subfield code="d">219570</subfield>
  </datafield>
</record>
